|
|
|
|
| LEADER |
00714cam a2200205 7i4500 |
| 001 |
0000033949 |
| 005 |
20170118090000.0 |
| 007 |
##ta |
| 008 |
170118s2016 mau eng |
| 040 |
# |
# |
|a MATR
|
| 090 |
0 |
0 |
|a M 382.6309595
|b MAT
|
| 245 |
0 |
0 |
|a MATRADE ASSISTANCE PROGRAMMES.
|
| 264 |
# |
1 |
|a Kuala Lumpur:
|b Malaysia External Trade Development Corporation (MATRADE),
|c 2016.
|
| 300 |
# |
# |
|a 10 pages:
|b colour illustrations;
|c 21 cm.
|
| 336 |
# |
# |
|a text
|2 rdacontent
|
| 337 |
# |
# |
|a unmediated
|2 rdamedia
|
| 338 |
# |
# |
|a volume
|2 rdacarrier
|
| 650 |
# |
0 |
|a Foreign trade promotion --
|x Malaysia
|
| 999 |
|
|
|a 0000038512
|b Book
|c Malaysia
|e Business Information Centre
|
| 999 |
|
|
|a 0000038511
|b Book
|c Malaysia
|e Business Information Centre
|